Daňová optimalizácia - fyzické osoby

Daňová optimalizácia - legálny proces hľadania optimálneho variantu spôsobu podnikania, zdanenia dosiahnutých príjmov a využitia všetkých do úvahy prichádzajúcich zvýhodnení ponúkaných právnymi normami, najmä zákonom o dani z príjmov, s cieľom minimalizovať daňovú povinnosť. Pri daňovej optimalizáci...

ver descrição completa

Na minha lista:
Detalhes bibliográficos
Autor principal: Jarinkovičová, Valéria
Formato: Capítulo de Livro
Idioma:eslovaco
Assuntos:
Tags: Adicionar Tag
Sem tags, seja o primeiro a adicionar uma tag!

MARC

LEADER 00000naa$a2200000$$$4500
001 0035766
005 20231114083444.4
041 0 |a slo 
044 |a SK 
245 1 0 |a Daňová optimalizácia - fyzické osoby  |c Valéria Jarinkovičová 
520 |a Daňová optimalizácia - legálny proces hľadania optimálneho variantu spôsobu podnikania, zdanenia dosiahnutých príjmov a využitia všetkých do úvahy prichádzajúcich zvýhodnení ponúkaných právnymi normami, najmä zákonom o dani z príjmov, s cieľom minimalizovať daňovú povinnosť. Pri daňovej optimalizácii nedochádza k daňovým únikom. Opatrenia dlhodobejšieho a krátkodobejšieho charakteru. 
610 2 0 |a optimalizácia daňová 
610 2 0 |a povinnosť daňová 
610 2 0 |a výdavky 
610 2 0 |a podnikanie 
610 2 0 |a osoby fyzické 
610 2 0 |a dane z príjmov 
610 2 0 |a strata daňová 
100 1 |a Jarinkovičová, Valéria